El tratado de la Comunidad Económica Europea

Salvato in:
Dettagli Bibliografici
Autore principale: Silva Silva, Juan Enrique (Autore)
Natura: Libro
Lingua:spagnolo
Pubblicazione: Santiago Jurídica de Chile 1964
Serie:Memoria, 6
Soggetti:
Tags: Aggiungi Tag
Nessun Tag, puoi essere il primo ad aggiungerne!!

MARC

LEADER 00000nam a2200000 a 4500
001 UCT9426
003 CL-VaPUC
008 970404e19640000CL |||||||||||||||||spa|d
082 0 4 |a 341.242  |b SIL  |2 21 
100 0 |a Silva Silva, Juan Enrique  |e author  |9 382098 
245 1 3 |a El tratado de la Comunidad Económica Europea 
300 |a 83 p 
942 |c BK 
945 |d 19970404 00:00:00  |a paguirre 
260 |a Santiago  |b Jurídica de Chile  |c 1964 
600 0 7 |a COMUNIDAD ECONOMICA EUROPEA  |2 CL-VaPUC  |9 382099 
650 0 |a Tratados internacionales   |9 256056 
650 0 |a Integración regional  |9 376371 
650 0 |a Organizaciones internacionales  |9 329196 
650 0 |a Mercado común   |9 378790 
650 0 |a Libre comercio  |9 323018 
651 0 |a Europa  |9 255156 
583 |a last modification  |c 19970404 00:00:00  |k Rodrigo Vera 
490 0 |a Memoria, 6 
999 |c 257827  |d 257825 
952 |0 0  |1 0  |4 0  |6 341_242000000000000_SIL_1964  |7 0  |8 P  |9 281501  |a BIBDER  |b BIBDER  |d 2019-11-19  |i 1862030  |o 341.242 SIL 1964  |p 1862030  |r 2023-01-25  |w 2019-11-19  |y BK  |k DER